000 00295nam a2200121Ia 4500
005 20251222153642.0
008 251222s9999||||xx |||||||||||||| ||spa||
082 _a616.07/A86/V.I
245 0 _aSemiología y Fisiopatología
250 _a1ra.ed.
264 _bEditorial El Ateneo
942 _cLIB
999 _c32771
_d32771